| 000 | 00781nam a2200229 a 4500 | ||
|---|---|---|---|
| 001 | 64426 | ||
| 003 | BD-RjUL | ||
| 005 | 20211209081316.0 | ||
| 008 | 170214s1996 ii ||||| |||| 00| 0 ben d | ||
| 020 | _c: Tk. 60.00 | ||
| 035 | _a(BD-RjUL)64556 | ||
| 040 |
_aBD-RjUL _bben _cBD-RjUL |
||
| 041 | _aben | ||
| 082 |
_223 _a891.443 _bDEN 1996 |
||
| 100 | 1 |
_aদে, শিপ্রা _9191160 |
|
| 245 | 1 | 0 |
_aনারায়ন গঙ্গোপাধ্যায়ের ছোটগল্প / _cশিপ্রা দে |
| 260 |
_aকলিকাতা : _bশৈলী, _c১৯৯৬ |
||
| 300 |
_a১৮২ পৃ. ; _c২১ সেমি. |
||
| 650 |
_aবাংলা ছোটগল্প _9120351 |
||
| 650 |
_aBengali Short Story _9125847 |
||
| 942 |
_2ddc _cBK |
||
| 999 |
_c64426 _d64426 |
||